Score 0/12 Timer 02:30
0 Plays Today
Question Answer Wrong Answers
'The Ring was entrusted to me! It's my task! Mine! My own!' Frodo
88.1%
Samwise
2.3%
Merry
1.2%
Pippin
1.4%
'I can't carry it for you, but I can carry you!' Samwise
84.5%
Frodo
3.9%
Merry
2.3%
Pippin
2.3%
'I will take it... I will take the Ring to Mordor.' Frodo
83.5%
Samwise
6.2%
Merry
1.4%
Pippin
1.7%
'Before you came along, we Bagginses were very well thought of.' Frodo
78.8%
Samwise
5.3%
Merry
4.3%
Pippin
4.7%
'Po-tay-toes! Boil 'em, mash 'em, stick 'em in a stew.' Samwise
69.6%
Frodo
3.1%
Merry
11.7%
Pippin
9%
'If I take one more step, it'll be the farthest away from home I've ever been.' Samwise
68.5%
Frodo
14.9%
Merry
4.8%
Pippin
4.6%
'We've had one, yes. But what about second breakfast?' Pippin
60.9%
Frodo
3.8%
Samwise
15.3%
Merry
12.8%
'Anyway, you need people of intelligence on this sort of... mission... quest... thing.' Pippin
60.6%
Frodo
5.6%
Samwise
11.1%
Merry
15.3%
'This, my friend, is a pint.' Merry
52.2%
Frodo
4.1%
Samwise
11%
Pippin
25.5%
'Don't you understand? The enemy thinks you have the Ring.' Merry
43.5%
Frodo
10.2%
Samwise
29.5%
Pippin
9.6%
'But you're part of this world, aren't you? You must help... please.' Merry
42.6%
Frodo
20.2%
Samwise
16.1%
Pippin
14.3%
'The closer we are to danger, the farther we are from harm. It's the last thing he'll expect.' Pippin
36.2%
Frodo
25.5%
Samwise
19.4%
Merry
11.8%

Today's Daily Dose

Remove Ads.
Support Sporcle.
Get the best of Sporcle when you Go Orange. This ad-free experience offers more features, more stats, and more fun while also helping to support Sporcle. Thank you for becoming a member.

You're not logged in!

Compare scores with friends on all Sporcle quizzes.
OR
Log In

Show Comments

Extras

Top Quizzes Today


Score Distribution

Your Account Isn't Verified!

In order to create a playlist on Sporcle, you need to verify the email address you used during registration. Go to your Sporcle Settings to finish the process.

Report this User

Report this user for behavior that violates our Community Guidelines.

Details: